| 000 | 00614nam a2200217Ia 4500 | ||
|---|---|---|---|
| 005 | 20250326143939.0 | ||
| 008 | 250326s9999 xx 000 0 und d | ||
| 020 | _a3-631-50407-1 | ||
| 037 | _aTextbook | ||
| 040 |
_aFMSL _beng _cFMSL |
||
| 041 |
_aeng _2eng |
||
| 084 |
_aSNIobX:8 P3 _qFMSL |
||
| 100 |
_aFlorjancic J _9748788 |
||
| 245 | 0 |
_aOrganisation and management : selected topics _cFlorjancic J And Others |
|
| 260 |
_aNY _bNY, Peter Lang _c2003 |
||
| 300 | _a348p | ||
| 365 | _b98915.19832000001 | ||
| 650 | _aManagement | ||
| 942 |
_cTB _hSNIobX:8 P3 |
||
| 999 |
_c1301731 _d1301731 |
||